Statistics for Communes of Luxembourg

Click here to take the quiz!

General Stats

  • This quiz has been taken 14 times
  • The average score is 58 of 102

Answer Stats

CantonAnswer% Correct
Esch-sur-AlzetteBettembourgB
100%
EchternachEchternachE
100%
Esch-sur-AlzetteEsch-sur-AlzetteE
100%
GrevenmacherGrevenmacherG
100%
Esch-sur-AlzettePétangeP
100%
RemichRemichR
100%
ViandenViandenV
100%
LuxembourgBertrangeB
89%
DiekirchDiekirchD
89%
Esch-sur-AlzetteDudelangeD
89%
DiekirchEttelbruckE
89%
GrevenmacherJunglinsterJ
89%
MerschMerschM
89%
RedangeRedange (-sur-Attert)R
89%
RedangeWahlW
89%
LuxembourgWalferdangeW
89%
WiltzWiltzW
89%
ClervauxClervauxC
78%
Esch-sur-AlzetteDifferdangeD
78%
WiltzEsch-sur-SûreE
78%
CapellenGarnichG
78%
LuxembourgHesperangeH
78%
CapellenKäerjengK
78%
Esch-sur-AlzetteLeudelangeL
78%
LuxembourgLuxembourgL
78%
Esch-sur-AlzetteRoeserR
78%
CapellenSteinfortS
78%
LuxembourgStrassenS
78%
ClervauxTroisviergesT
78%
DiekirchFeulenF
67%
Esch-sur-AlzetteFrisangeF
67%
Esch-sur-AlzetteKaylK
67%
CapellenKehlenK
67%
CapellenMamerM
67%
Esch-sur-AlzetteMondercangeM
67%
RemichMondorf-les-BainsM
67%
LuxembourgNiederanvenN
67%
ClervauxParc HosingenH
67%
Esch-sur-AlzetteReckange-sur-MessR
67%
Esch-sur-AlzetteRumelangeR
67%
Esch-sur-AlzetteSanemS
67%
RemichSchengenS
67%
Esch-sur-AlzetteSchifflangeS
67%
RemichStadtbredimusS
67%
ClervauxWincrangeW
67%
EchternachBerdorfB
56%
GrevenmacherBetzdorfB
56%
MerschColmar-BergC
56%
CapellenDippachD
56%
CapellenKoerichK
56%
MerschLorentzweilerL
56%
GrevenmacherManternachM
56%
GrevenmacherMertertM
56%
DiekirchSchierenS
56%
RemichWaldbredimusW
56%
LuxembourgWeiler-la-TourW
56%
EchternachBechB
44%
MerschBissenB
44%
GrevenmacherBiwerB
44%
WiltzBoulaideB
44%
DiekirchBourscheidB
44%
LuxembourgConternC
44%
RemichDalheimD
44%
WiltzKiischpeltK
44%
CapellenKopstalK
44%
RedangePréizerdaulP
44%
DiekirchReisdorfR
44%
LuxembourgSandweilerS
44%
RedangeUseldangeU
44%
GrevenmacherWormeldangeW
44%
RedangeBeckerichB
33%
DiekirchBettendorfB
33%
RemichBousB
33%
EchternachConsdorfC
33%
DiekirchErpeldange-sur-SûreE
33%
GrevenmacherFlaxweilerF
33%
RedangeGrosbousG
33%
CapellenHabschtH
33%
WiltzLac de la Haute-SûreL
33%
MerschLarochetteL
33%
RemichLenningenL
33%
MerschLintgenL
33%
ViandenPutscheidP
33%
EchternachRosport-MompachR
33%
LuxembourgSteinselS
33%
ViandenTandelT
33%
DiekirchVallée de l'ErnzV
33%
RedangeVichtenV
33%
EchternachWaldbillig
W
33%
ClervauxWeiswampachW
33%
EchternachBeaufortB
22%
RedangeEllE
22%
MerschFischbachF
22%
WiltzGoesdorfG
22%
MerschHeffingenH
22%
MerschHelperknappH
22%
DiekirchMertzigM
22%
MerschNommernN
22%
RedangeRambrouchR
22%
RedangeSaeulS
22%
LuxembourgSchuttrangeS
22%
WiltzWinselerW
22%

Score Distribution

Percentile by Number Answered

Percent of People with Each Score

Your Score History

You have not taken this quiz